000 00689nam a2200253 i 4500
001 C2-0329976
003 PPAK
005 20180728130922.0
008 150215s2001 at a|||| ||||| | eng d
040 _aPPAK
_beng
_cPPAK
_erda
082 0 4 _a303.482
_223
090 0 0 _a303.482
_bSAM
_dG
100 1 _aSamovar, Larry A.,
_eauthor
245 1 0 _aCommunication between Cultures
250 _a4th
264 1 _aAustralia :
_bWadsworth ,
_c2001
300 _axii, 334 pages :
_billustrations ;
_c23 cm
336 _2rdacontent
_atext
337 _2rdamedia
_aunmediated
338 _2rdacarrier
_avolume
650 1 0 _aIntercultural communication
700 _eauthor
942 _ddc
_cB
999 _c129131
_d129131